Iași International Airport Destinations (Iași, Romania) - Statistics

General Stats
  • This quiz has been taken 83 times
    36 since last reset
  • The average score is 15 of 33
Answer Stats
Airline Destination % Correct
Wizz Air London (Luton)
96%
Animawings/TAROM Bucharest (Otopeni)
88%
Wizz Air Barcelona
83%
Austrian Airlines Vienna
83%
Wizz Air Madrid
79%
Wizz Air Rome (Ciampino)
79%
flydubai Dubai (International)
75%
Ryanair/Wizz Air Bergamo
67%
Ryanair/Wizz Air Charleroi
58%
Wizz Air Basel/Mulhouse
50%
Animawings/Wizz Air Istanbul
50%
Wizz Air Bologna
46%
Wizz Air Dortmund
46%
HiSky/Ryanair Dublin
46%
Wizz Air Memmingen
46%
Wizz Air Valencia
46%
Ryanair/Wizz Air Beauvais
42%
Wizz Air Copenhagen
42%
Animawings/Sky Express Heraklion
42%
Wizz Air Prague
38%
Sky Express Rhodes
38%
Wizz Air Turin
38%
Wizz Air Eindhoven
33%
SkyUp Airlines Hurghada
33%
SkyUp Airlines Sharm El Sheikh
33%
Wizz Air Treviso
33%
Wizz Air Larnaca
25%
Wizz Air Catania
21%
Wizz Air Liverpool
21%
Wizz Air Malmö
21%
Wizz Air Tel Aviv
21%
Wizz Air Billund
8%
Wizz Air Pescara
4%
No matching quizzes found
Score Distribution
Percent of People with Each Score
Percentile by Number Answered
Your Score History
You have not taken this quiz since the last reset